000
00303nam a2200133Ia 4500
003
OSt
005
20240205142801.0
008
170524s9999 xx 000 0 und d
020
_a
9386418207
040
_c
IIMT UNIVERSIY MEERUT
100
_a
RAO- G.S.
245
0
_a
DISCRETE MATHEMATICS
942
_2
ddc
_c
02
999
_c
4061
_d
4061